000 01074cam a2200205 4500
001 WB3907-02
008 030220n2003 000 0 eng u
035 _a(Sirsi) u121401
245 _aSurvey of construction professional services
260 _c2003
490 _aRICS Quantity Surveying and Construction Faculty News
_v14 February 2003, (1)
520 _aThe Construction Industry Council (CIC) has launched its second report assessing the size of the UK market for construction professional services (CPS). "Survey of UK construction professional services" highlights the contribution of CPS towards the growth of the UK economy and its position in world construction markets and tracks the industry over the past six years. Summary and full report available at www.cic.org.uk/cps www.rics.org/ricscms/bin/show?class=News&template=/includes/shownews.html&id=4871
590 _aWB
650 _aCONSTRUCTION INDUSTRY
650 _aCONSTRUCTION MARKET
650 _aFEE INCOME
650 _aPROFESSIONAL SERVICES
690 _aBUILT ENVIRONMENT
942 _n0
999 _c72138
_d72138